LEADER 01281nam a2200289 4500 001 000000349672 003 CaOOAMICUS 005 20220406120307.0 008 220317s2018 it a 000 u ita r 020 $a978-88-526-0496-6 040 $aSeMil$bita 110 2 $aSuore di carità dell'Assunzione.$0(OLS)http://semarc/name/115587 245 13$aLa vita per l'opera di un altro /$cSuore di carità dell'Assunzione ; coordinamento Giuseppe Feyles e Ubaldo Casotto. 264 1$aCastel Bolognese :$bItaca,$c2018. 300 $a63 p. :$bill. ;$c24 cm 541 0 $aOmaggio mons. Mario Delpini (3G IV 242) 650 4$aSuore di carità dell'assunzione.$0(OLS)http://semarc/subject/51856 700 1 $aFeyles, Giuseppe,$d<1956- >.$0(OLS)http://semarc/name/61950 700 1 $aCasotto, Ubaldo,$d<1958- >.$0(OLS)http://semarc/name/115588 850 $aSeMil 852 $aSeMil$W1$xVenegono$y1$m3G IV 242$j232272$B240722$CSeMilBibl$Z2$F240722 $81 941 1 $a7 961 $aOmaggio mons. Mario Delpini 996 $6020$a978-88-526-0496-6$9(OLS)http://semarc/number/295430 996 $6245$aLa vita per l'opera di un altro$9(OLS)http://semarc/title/439291 996 $6264$aCastel Bolognese :$bItaca$9(OLS)http://semarc/publisher/33850 LEADER 00973nam a2200229 i 4500 001 000000000937 003 CaOOAMICUS 005 20250613104314.0 008 180830s19621965it a u000 u ita u 040 $aSeMil$bita 245 03$aIl pensiero politico cristiano /$ca cura di Giorgio Barbero. 264 1$aTorino :$bUnione Tipografico-Editrice Torinese,$c1962-1965. 300 $a2 v. ;$c24 cm. 490 1 $aClassici della politica 650 4$aCristianesimo - Dottrina politica - Antologie.$0(OLS)http://semarc/subject/57846 700 1 $aBarbero, Giorgio.$0(OLS)http://semarc/name/804 774 0 $t[1]: Dai Vangeli a Pelagio.$w()52836 774 0 $t2: Sant'Agostino.$w()135239 830 0$aClassici della politica .$0(OLS)http://semarc/title/7397 996 $6245$aIl pensiero politico cristiano$9(OLS)http://semarc/title/1477 996 $6264$aTorino :$bUnione Tipografico-Editrice Torinese$9(OLS)http://semarc/publisher/29628